|
|
|
|
| LEADER |
00000naa2a2200000 4500 |
| 001 |
591595 |
| 005 |
20231101131653.0 |
| 035 |
|
|
|a (RuTPU)RU\TPU\tpu\2021
|
| 035 |
|
|
|a TPU00002021
|
| 090 |
|
|
|a 591595
|
| 100 |
|
|
|a 20011210d1956 k y0rusy50 ca
|
| 101 |
0 |
|
|a rus
|
| 102 |
|
|
|a RU
|
| 200 |
1 |
|
|a Опыт литологического описания кернов буровых скважин угленосных отложений Кузбасса
|f О. А. Бетехтина
|
| 320 |
|
|
|a Библиогр.: 13 назв.
|
| 461 |
|
1 |
|0 (RuTPU)RU\TPU\book\211718
|t Труды Томского государственного университета
|f Томский государственный университет (ТГУ) ; отв. ред. В. Т. Макаров
|d 1932-
|
| 463 |
|
1 |
|0 (RuTPU)RU\TPU\retro\29408
|t Т. 135 : Четвертая научная конференция Томского государственного университета имени В. В. Куйбышева
|o секция геолого-минералогических наук
|f Научная конференция Томского государственного университета имени В. В. Куйбышева ; под ред. В. А. Хахлова
|v С. 176-180
|d 1956
|p 218 с.
|s Серия геологическая
|
| 610 |
1 |
|
|a геолого-географические науки
|
| 610 |
1 |
|
|a угленосные отложения
|
| 610 |
1 |
|
|a Кузбасс
|
| 610 |
1 |
|
|a буровые скважины
|
| 610 |
1 |
|
|a керны
|
| 610 |
1 |
|
|a литологическое изучение
|
| 610 |
1 |
|
|a труды учёных ТПУ
|
| 700 |
|
1 |
|a Бетехтина
|b О. А.
|
| 801 |
|
0 |
|a RU
|b 63413507
|c 20011210
|g PSBO
|
| 801 |
|
2 |
|a RU
|b 63413507
|c 20221209
|g PSBO
|
| 942 |
|
|
|c BK
|